000 00735cam a2200241 4500500
005 20260405002535.0
041 _afre
042 _adc
100 1 0 _aPortevin, Catherine
_eauthor
245 0 0 _aMaurizio Ferraris. “L’imbécile que, donc, je suis”
260 _c2017.
500 _a56
690 _aCatherine Portevin
690 _aDerrida
690 _aImbecillité
690 _aMaurizio Ferraris
690 _aNouveau réalisme
690 _aTéléphone portable
690 _aTexte
690 _aUmberto Eco
786 0 _nPhilosophie magazine | 113 | 10 | 2017-10-01 | p. 34-36 | 1951-1787
856 4 1 _uhttps://shs.cairn.info/magazine-philosophie-magazine-2017-10-page-34?lang=fr&redirect-ssocas=7080
999 _c2058684
_d2058684